Statistics for Largest Cities in Nigeria (Top 100)

Click here to take the quiz!

General Stats

  • This quiz has been taken 50 times
  • The average score is 23 of 100

Answer Stats

StatePopulationCity% Correct
Kano2,167,000Kano
98%
Lagos5,195,000Lagos
98%
FCT*107,000Abuja
88%
Edo763,000Benin City
84%
Kaduna994,000Kaduna
84%
Oyo1,835,000Ibadan
81%
Rivers703,000Port Harcourt
79%
Oyo370,000Oyo
72%
Abia500,000Aba
56%
Plateau510,000Jos
56%
Bauchi207,000Bauchi
53%
Katsina259,000Katsina
53%
Anambra350,000Onitsha
53%
Sokoto330,000Sokoto
53%
Borno618,000Maiduguri
51%
Gombe164,000Gombe
47%
Kwara532,000Ilorin
47%
Kaduna612,000Zaria
47%
Delta363,000Warri
40%
Ogun353,000Abeokuta
37%
Imo120,000Owerri
37%
Osun187,000Ife
35%
Ondo146,000Ondo
35%
Akwa Ibom58,000Uyo
35%
Cross River311,000Calabar
33%
Niger189,000Minna
33%
Enegu408,000Enegu
30%
Ekiti156,000Ado Ekiti
28%
Taraba67,000Jalingo
28%
Oyo433,000Ogbomosho
28%
Yobe142,000Damaturu
26%
Osun251,000Oshogbo
26%
Adamawa55,000Yola
26%
Ondo239,000Akure
23%
Anambra105,000Awka
23%
Niger111,000Bida
23%
Lagos185,000Ikorodu
23%
Adamawa142,000Jimeta
23%
Nasarawa79,000Lafia
23%
Benue152,000Makurdi
23%
Enugu69,000Nsukka
23%
Benue101,000Gboko
21%
Abia147,000Umuahia
21%
Zamfara132,000Gusau
19%
Ekiti108,000Ise
19%
Ebiti84,000Abakaliki
16%
Kogi313,000Okene
16%
Delta110,000Sapele
16%
Kebbi63,000Birnin Kebbi
14%
Akwa Ibom119,000Ikot Ekpene
14%
Oyo171,000Iseyin
14%
Osun126,000Iwo
14%
Adamawa129,000Mubi
14%
Anambra121,000Nnewi
14%
Ogun128,000Sagamu
14%
Osun142,000Ede
12%
Oyo78,000Kishi
12%
Oyo90,000Shaki
12%
Oyo69,000Igboho
9%
Ogun124,000Ijebu Ode
9%
Osun111,000Ikire
9%
Osun139,000Ilesha
9%
Kwara74,000Offa
9%
Benue83,000Otukpo
9%
Niger105,000Suleja
9%
Cross River135,000Ugep
9%
Osun69,000Ejigbo
7%
Katsina82,000Funtua
7%
Jigawa66,000Hadejia
7%
Ogun65,000Ijebu Igbo
7%
Ondo104,000Ikare
7%
Bauchi69,000Azare
5%
Rivers83,000Buguma
5%
Yobe70,000Gashua
5%
Ekiti104,000Ilawe Ekiti
5%
Osun59,000Ilobu
5%
Yobe62,000Nguru
5%
Ogun103,000Sango Otta
5%
Delta54,000Ughelli
5%
Abia71,000Amaigbo
2%
Borno65,000Bama
2%
Ebonyi54,000Effium
2%
Osun70,000Gbongan
2%
Osun63,000Ifon
2%
Ekiti95,000Ijero
2%
Ekiti59,000Ikerre
2%
Osun77,000Ikirun
2%
Osun90,000Ila Orangun
2%
Osun82,000Inisa
2%
Ebonyi56,000Ishieke
2%
Nasarawa54,000Keffi
2%
Niger64,000Kontagora
2%
Osun60,000Modakeke
2%
Anambra65,000Nkpor
2%
Anambra85,000Obosi
2%
Kogi55,000Ogaminan
2%
Imo64,000Okigwi
2%
Rivers82,000Okrika
2%
Edo74,000Uromi
2%
Anambra105,000Okpogho
0%

Score Distribution

Percentile by Number Answered

Percent of People with Each Score

Your Score History

You have not taken this quiz